000 00685nam a2200241Ia 4500
003 OSt
005 20220923213409.0
006 a|||||r|||| 00| 0
007 ta
008 220922b |||||||| |||| 00| 0 hin d
024 _a161,466
037 _cTextual
040 _aARTS
_cARTS
_bhin
041 _2hin
_ahin
082 _aO152,2M90x, J6
100 _aश्रीवास्तव, जी0 पी0
245 0 _aभक्तिन
246 _aBhaktina
260 _c1966
650 _aहिन्दी साहित्य
_9156264
942 _hO152,2M90x, J6
_cTEXL
_2CC
999 _c316137
_d316137